| 000 | 00621nam a2200181Ia 4500 | ||
|---|---|---|---|
| 008 | 151018s9999 xx 000 0 und d | ||
| 082 |
_bRBASDV30293 _a891.463 |
||
| 100 | _aअर्ल स्टेनले गार्डनर | ||
| 245 | _aछुपा रुस्तुम | ||
| 250 | _b1 | ||
| 260 |
_bस्वप्न _c1998 |
||
| 300 | _a176 | ||
| 600 | _aअर्ल स्टेनले गार्डनर | ||
| 630 | _aछुपा रुस्तुम | ||
| 700 | _aअर्ल स्टेनले गार्डनर | ||
| 730 | _aछुपा रुस्तुम | ||
| 942 | _cBOOK | ||
| 999 |
_c1029829 _d1029826 |
||